000 00913nam a22002417a 4500
999 _c14760
_d14760
003 MIRAKIL
005 20220119154418.0
008 220119b tu ||||| |||| 00| 0 tur d
020 _a9789750064925
040 _aTR-AnCHP
_btur
_cTR-AnCHP
041 _atur
082 _a341.242
_bG95a 2007
100 _aGünuğur, Haluk
245 _aAvrupa Birliği /
_cHaluk Günuğur.
260 _aAnkara:
_bAvrupa Ekonomik Danışma Merkezi (EKO),
_c2007.
300 _a263 s.:
_c24 sm.
504 _aKaynakça ve dizin vardır.
505 _aAvrupa Birliğinin kurulması- Avrupa Birliğinin genişlemesi- Avrupa Birliğinden ayrılma- Avrupa vatandaşlığı- Avrupa Birliğinin kurumsal yapısı
650 _aUluslararası ilişkiler
_xAvrupa Birliği
_zTürkiye
650 _aUluslararası anlaşmalar
_xAvrupa Birliği
_zTürkiye
650 _aUluslararası hukuk
_xAvrupa Birliği
_zTürkiye
942 _2ddc
_cBKS